| 000 | 00336nam a22001457a 4500 | ||
|---|---|---|---|
| 020 | _a81-8204-044-2 | ||
| 082 |
_a641.2 _bCHA |
||
| 100 | _aCHAKRAVARTI, B.K | ||
| 245 | _aMANAGING RESTROANT & BAR | ||
| 260 |
_aDELHI _bAMAN PUBLISHER _c2008 |
||
| 300 | _a378 | ||
| 650 | _aHOTEL MANAGEMENT | ||
| 653 | _aRESTORANT, BAR | ||
| 942 |
_2ddc _cBK |
||
| 999 |
_c8080 _d8080 |
||